000 00284nam a22001337a 4500
008 170817b xxu||||| |||| 00| 0 eng d
020 _a9780201870114
041 _aeng
080 _24TH
_a51
100 _a36
101 _aMAT
245 _aPRECALCULUS
_cDEMANA,,F
942 _2udc
_cBK
999 _c23917
_d23917